000 00811nam a22002057a 4500
003 UA-OsUOA
001 36271
007 ta
008 20060120b un ||||| |||| 00| 0 ukr d
090 _a34
942 _cSA
040 _aUA-OsUOA
_bukr
_cUA-OsUOA
_dUA-OsUOA
245 _aЗакон України "Про внесення змін до деяких законодавчих актів України щодо запобігання фінансовим правопорушенням, забезпечення ефективного використання бюджетних коштів, державного і комунального май
300 _aС.7-13
955 _a0
041 _aukr
080 _a34
773 0 _w36270
650 7 _a34 Право. Юриспруденція
_2UDC
999 _c322513
_d322513